000 01179nam a22003497a 4500
001 000694
003 DO-SdBPM
005 20260306084544.0
007 ta
008 161114b2003 sp a | 00| 0 spa d
020 _a8420448516
040 _aDO-SdBPM
_bspa
_cBPMSU
_erda
082 0 4 _a 813.5
_bD199s 2003
_222
100 1 _aDanziger, Paula,
_d1944-2004.
_eautor
_4aut.
245 1 0 _aSiempre seré Ámbar Dorado /
_cPaula Danziger ; ilustraciones de Tony Ross ; traducción P. Rozarena.
250 _a3ª ed.
264 _aMadrid :
_bAlfaguara,
_c2003.
300 _a108 páginas :
_bilustraciones ;
_c20 cm.
336 _atexto
_btxt
_2rdacontent
337 _asin mediación
_bn
_2rdamedia
338 _avolumen
_bnc
_2rdacarrier
490 0 _aPróxima parada Alfaguara
500 _aPara niños a partir de los 8 años.
500 _aIncluye datos de la autora
590 _aInventariado, 2026/VM
650 7 _aCuentos infantiles estadounidenses
650 7 _aLiteratura infantil estadounidense
700 1 _aRoss, Tony,
_d1938-
_eilustración
700 1 _aRozarena, P.
_eTraducción
910 _aVMateo V. Control de calidad. BPMSU
942 _2ddc
_cBK
999 _c11936
_d11936